| 000 | 00000nam 2200000za 4500 |
| 001 | 9.830775 |
| 003 | CaOODSP |
| 005 | 20221107145614 |
| 007 | cr ||||||||||| |
| 008 | 170118s1862 nsc #os|||f000 0 eng d |
| 040 | |aCaOODSP|beng |
| 043 | |an-cn-ns |
| 045 | 2 |b1861 |
| 086 | 1 |aCS98-1861/1862E-PDF |
| 245 | 10|aReport of the Secretary of the Board of Statistics on the census of Nova Scotia, 1861 |h[electronic resource]. |
| 246 | 30|aCensus of Nova Scotia, 1861 |
| 246 | 15|aAppendices to the Report of the Secretary of the Board of Statistics on the census of Nova Scotia, 1861 |
| 260 | |aHalifax, N.S. : |b[Board of Statistics],|c1862. |
| 300 | |a27, 298, [1] p. |
| 500 | |a"Board of commissioners: The Hon. Adams G. Archibald, The Hon. Jonathan McCully, The Hon. William Annand". |
| 500 | |a"Printed by order of the Government". |
| 500 | |aAdded t.p. title: Appendices to the Report of the Secretary of the Board of Statistics on the census of Nova Scotia, 1861. |
| 500 | |aChiefly tables. |
| 500 | |aErrata: p. [299]. |
| 500 | |aHistorical census publication digitized 2009 [by Statistics Canada]. |
| 520 | 0 |aCensus of Nova Scotia, taken March 30, 1861, under act of provincial Parliament, chap. XIV-XXIII Vic. Includes some comparative tables for the years 1851 and 1861. Appendices to the report include: personal census by ages; personal census by origin; personal census by religion; personal census--deaths and causes of deaths; personal census--professions, trades and occupations; return of agricultural produce, stock, fisheries, etc.; return of houses, places of worship, etc.; return of mills, manufactories, etc.; return of assessed value of property, assessments, etc.; return of the Provincial Hospital for the Insane. |
| 692 | 07|2gccst|aCensus |
| 710 | 1 |aNova Scotia.|bBoard of Statistics. |
| 856 | 40|qPDF|s215.03 MB|uhttps://publications.gc.ca/collections/collection_2017/statcan/CS98-1861-1862-eng.pdf |